Obélisques /

محفوظ في:

المؤلف الرئيسي: Kuentz, Ch. (مؤلف)

مؤلفون مشاركون: Matḥaf al-Miṣri., Egypt. Maṣlaḥat al-Āthār.

التنسيق: كتاب

اللغة: French

سلاسل: Catalogue General du Musee du Caire, 91.
CGC ; 91.

الموضوعات:

الوصول للمادة أونلاين: Login to view Source

الوسوم: إضافة وسم

لا توجد وسوم, كن أول من يضع وسما على هذه التسجيلة!

رقم الطلب: ( R )DT57 .C2 KUE OBE

LEADER 01672namaa2200397 4500
001 18274
003 OSt
005 20210112101809.0
008 130303s1932 ua af g bc 001 0 fre d
952 |0 0  |1 0  |2 lcc  |4 0  |7 1  |9 9424  |a ARCE  |b ARCE  |d 2021-01-12  |l 0  |o ( R )DT57 .C2 KUE OBE  |p 1035707  |r 2021-01-12 00:00:00  |w 2021-01-12  |y BK 
952 |0 0  |1 0  |2 lcc  |4 0  |7 1  |9 9425  |a ARCE  |b ARCE  |d 2021-01-12  |l 0  |o ( R )DT57 .C2 KUE OBE  |r 2021-01-12 00:00:00  |w 2021-01-12  |y EBK 
999 |c 17790  |d 17790 
040 |c ARCE Library 
043 |a f-ua--- 
050 0 4 |a ( R )DT57 .C2 KUE OBE 
100 1 |a Kuentz, Ch.,  |e author 
245 1 0 |a Obélisques /  |c par Charles Kuentz.  
264 1 |a Le Caire :  |b Imprimerie de l'Institut français d'archéologie orientale,  |c 1932.  
300 |a viii, 81 pages, xvi leaves of plates :   |b illustrations ;   |c 35 cm.  
336 |a text  |b txt  |2 rdacontent 
337 |a unmediated  |b n  |2 rdamedia 
338 |a volume  |b nc  |2 rdacarrier 
490 1 |a Catalogue General du Musee du Caire,   |x 1308-1315 et 17001-17036 ;   |v 91. 
490 1 |a CGC ;   |v 91. 
500 |a At head of title : Service des antiquités de l'Égypte. 
504 |a Includes bibliographical references and indexes.  
610 2 0 |a Matḥaf al-Miṣrī  |v Catalogs. 
650 0 |a Inscriptions, Egyptian  |v Catalogs. 
650 0 |a Obelisks  |z Egypt  |v Catalogs. 
710 2 |a Matḥaf al-Miṣri. 
710 1 |a Egypt.  |b Maṣlaḥat al-Āthār.  
830 0 |a Catalogue General du Musee du Caire,   |x 1308-1315 et 17001-17036 ;   |v 91. 
830 0 |a CGC ;   |v 91. 
856 4 0 |u http://145.239.254.35/cgi-bin/koha/opac-retrieve-file.pl?id=fcfa11c8ac987d3065a1843ace184294 
901 |a reviewed 
942 |c BK  |c EBK  |2 lcc